Calculus from graphical, numerical, and symbolic points of view / (Record no. 26339)

MARC details
000 -LEADER
fixed length control field 01093cam a2200337 i 4500
001 - CONTROL NUMBER
control field 4474042
003 - CONTROL NUMBER IDENTIFIER
control field EG-ScBUE
005 - DATE AND TIME OF LATEST TRANSACTION
control field 20241007102631.0
008 - FIXED-LENGTH DATA ELEMENTS--GENERAL INFORMATION
fixed length control field 960624t1997 txua fr 001 0 eng d
020 ## - INTERNATIONAL STANDARD BOOK NUMBER
International Standard Book Number 0030965780 (v. 1)
020 ## - INTERNATIONAL STANDARD BOOK NUMBER
International Standard Book Number 0030169771 (v. 2)
020 ## - INTERNATIONAL STANDARD BOOK NUMBER
International Standard Book Number 9780030965784 (v. 1)
020 ## - INTERNATIONAL STANDARD BOOK NUMBER
International Standard Book Number 9780030169779 (v. 2)
040 ## - CATALOGING SOURCE
Original cataloging agency WMenURRS
Language of cataloging eng
Description conventions rda
Transcribing agency WMenURRS
Modifying agency DLC
-- EG-ScBUE
082 04 - DEWEY DECIMAL CLASSIFICATION NUMBER
Edition number 22
Classification number 515
Item number OST
100 1# - MAIN ENTRY--PERSONAL NAME
Personal name Ostebee, Arnold,
Relator term author.
245 10 - TITLE STATEMENT
Title Calculus from graphical, numerical, and symbolic points of view /
Statement of responsibility, etc Arnold Ostebee, St. Olaf College, Paul Zorn, St. Olaf College.
264 #1 - PUBLICATION, DISTRIBUTION, ETC. (IMPRINT)
Place of publication, distribution, etc Fort Worth :
Name of publisher, distributor, etc Saunders College Publishing,
Date of publication, distribution, etc [1997]
264 #4 - PUBLICATION, DISTRIBUTION, ETC. (IMPRINT)
Date of publication, distribution, etc c1997
300 ## - PHYSICAL DESCRIPTION
Extent 2 volumes :
Other physical details illustrations ;
Dimensions 26 cm
336 ## - CONTENT TYPE
Source rdacontent
Content type term text
Content type code txt
337 ## - MEDIA TYPE
Media type term unmediated
Source rdamedia
Media type code n
338 ## - CARRIER TYPE
Carrier type term volume
Carrier type code nc
Source rdacarrier
500 ## - GENERAL NOTE
General note Includes index.
500 ## - GENERAL NOTE
General note Includes Appendices.<br/>
505 0# - FORMATTED CONTENTS NOTE
Formatted contents note Volume 1 -- Volume 2.
653 ## - INDEX TERM--UNCONTROLLED
Resource For college Generalities
Arrived date list March2018
655 ## - INDEX TERM--GENRE/FORM
Form subdivision Reading book
700 1# - ADDED ENTRY--PERSONAL NAME
Personal name Zorn, Paul,
Dates associated with a name 1951-
Relator term author.
942 ## - ADDED ENTRY ELEMENTS (KOHA)
Source of classification or shelving scheme Dewey Decimal Classification
Koha item type Book - Borrowing
Holdings
Withdrawn status Lost status Source of classification or shelving scheme Damaged status Not for loan Collection code Home library Current library Shelving location Date acquired Source of acquisition Total Checkouts Full call number Barcode Date last seen Price effective from Koha item type Public note
    Dewey Decimal Classification     Alahram Central Library Central Library First floor 06/03/2018 Purchase   515 OST 000047360 15/07/2025 06/03/2018 Book - Borrowing v. 2
    Dewey Decimal Classification     Alahram Central Library Central Library First floor 19/03/2018 Purchase   515 OST 000047443 15/07/2025   Book - Borrowing v. 1